| 000 | 00519nac a22001691u 4500 | ||
|---|---|---|---|
| 020 | _a1842050516 | ||
| 082 |
_a828.809 _bPRI |
||
| 090 |
_c6613 _d6613 |
||
| 100 | _aPritchard, David | ||
| 245 |
_aOscar Wilde / _c David Pritchard |
||
| 260 |
_aNew Lanark : _bGeddes & Grosset, 2001. _c2001 |
||
| 300 |
_a188 p. ; _c 17 cm. |
||
| 500 | _adistributer: al-Ahram | ||
| 511 | _acatalogued by: wessam | ||
| 600 |
_aWilde, Oscar, _d 1854-1900 _x Biography. |
||
| 942 |
_cBB _k828.809PRI |
||
| 999 |
_c6613 _d6613 |
||